000 03096nam0a2200469 4500
001 RU\NLR\bibl\1388525
005 20260409072958.0
010 _a978-5-8431-0127-5
_940
021 _aRU
_b2009-35751
_92161
035 _a(NLR Aleph) 001380579
090 _a1099438
_c1099438
100 _a20090701d2009 |||y0rusy50 ca
101 0 _arus
_aeng
102 _aRU
105 _aa |||||||||
200 1 _aПроблемы экономики, науки и образования в сервисе - 08
_e[по материалам VIII Межрегиональной научной конференции, проведенной 24 апреля 2008 в Волгодонском институте сервиса (филиале) ЮРГУЭС]
_eсборник научных трудов
_f[под науч. ред. В.С. Чуракова]
210 _aНовочеркасск
_cНОК
_d2009
215 _a180 с.
_cил.
_d30
225 1 _aСборник научных трудов
300 _aВ надзаг.: М-во образования и науки Рос. Федерации, Федер. агентство по образованию, Волгодон. ин-т сервиса (фил.) гос. образоват. учреждения высш. проф. образования "Юж.-Рос. гос. ун-т экономики и сервиса"
300 _aТекст на рус. и англ. яз.
320 _aБиблиогр. в конце докл.
606 1 _aСфера услуг
_jСборники
_xЭкономика
_92203397
_3RU\NLR\auth\661323942
606 1 _aОбразование
_jСборники
_yРоссийская Федерация
_92296847
_3RU\NLR\auth\661375304
606 1 _aВысшие учебные заведения
_jСборники
_xУчебно-воспитательная работа
_92299834
_3RU\NLR\auth\661376967
606 _aНаука
_jСборники
_yРоссийская Федерация
_92074776
_3RU\NLR\auth\661249791
607 _aРоссийская Федерация
_jСборники
_xНародное хозяйство
_92106777
_3RU\NLR\auth\661273591
686 _aУ49(2)я43
686 _aУ03(2Р)74я43
686 _aЧ34(2Р)я43
686 _aЧ481.2я43
686 _aЧ481.3я43
686 _aЧ214(2)я43
702 1 _4340
_7ca
_8rus
_aЧураков
_bВ. С.
_cканд. филос. наук
_gВадим Сергеевич
_978462
_3RU\NLR\AUTH\7795536
711 1 2 _a"Проблемы экономики, науки и образования в сервисе", межрегиональная научная конференция
_d8
_eВолгодонск
_f2008
_9767379
_3RU\NLR\AUTH\8810135727
712 0 2 _4570
_aЮжно-Российский государственный университет экономики и сервиса
_bВолгодонский институт сервиса
_cШахты
_9568561
_3RU\NLR\AUTH\8810035178
801 0 _aRU
_bNLR
_c20090701
_gRCR
801 1 _aRU
_bNLR
_c20090701
942 _cBOOK
980 _aNB